000 00562cam a2200193u 4500
001 000000859
005 20260312134858.0
008 810313s1961 mx 000 e spa
040 _aDO-SdBNP
_bspa
_cBNPHU
082 _aU864.4
_bR695ar, 1961
100 1 _aRodó, José Enrique,
_d1871-1917
_93052
245 1 0 _aAriel /
_cJosé Enrique Rodó.
250 _a2a ed.
260 _aMéxico :
_bEspasa-Calpe Mexicana,
_c1961.
300 _a144 p. ;
_c18 cm.
650 4 _aEnsayos uruguayos
_93053
650 4 _aLiteratura uruguaya
_93054
650 0 _aÉtica social
_91353
999 _c854
_d854